| LEADER | 00932nam a2200229 a 4500 | ||
|---|---|---|---|
| 001 | GR-MES15274 | ||
| 008 | 090922s2007 xc 000 0 eng d | ||
| 020 | |a 0470108819 | ||
| 040 | |a GrPaTEI |b gre |c GR-PaULI | ||
| 040 | |a GrPaTEI |b gre |c GR-PaULI | ||
| 044 | |a ca | ||
| 082 | 0 | |a 005.3 |2 21 | |
| 100 | 1 | |a Guide, Study | |
| 245 | 1 | 0 | |a MCTS Microsoft Windows Vista client configuration / |c Study Guide, Michael Aldrigde, Josh Evitt ... [et al.]. |
| 260 | |a Canada : |b Wiley, |c c2007 | ||
| 300 | |a xxxix., 677 σ. : |b διαγ. ; |c 25 εκ. + |e + 1 CD-ROM | ||
| 500 | |a Περιλαμβάνει ευρετήριο. | ||
| 650 | 0 | |a Vista |x Basic | |
| 942 | |2 ddc | ||
| 952 | |0 0 |1 0 |2 ddc |4 0 |6 005_300000000000000_GUI |7 0 |9 273108 |a MSLG |b MSLG |c BSC |d 2021-01-17 |e 24 |f 0 |g 0.00 |l 0 |o 005.3 GUI |p 2420000024314 |r 2021-01-17 00:00:00 |t 1 |w 2021-01-17 |y BK15 |x 20090922 0 ΤΣΑΝΤΑΡΛΙΩΤΗ 1 |x GrPaTEI | ||
| 971 | |a .b25813237 |b 15-04-20 |c 13-09-16 | ||
| 999 | |c 158090 |d 158090 | ||